000 00315nam a2200133 i 4500
001 bg
100 1 _aLITWINOW, A.
245 0 _aKierowalność i stateczność samochodu /
_cA. Litwinow.
260 _aWarszawa,
_c1975.
040 _cBPK
041 _apol
942 _cKS
008 s pl f |000 0 pol
999 _c4744
_d4744
856 _uhttp://koha.tu.koszalin.pl/cgi-bin/koha/opac-detail.pl?biblionumber=4744
_yKatalog online BPK